| 000 | 00742nam a2200253Ia 4500 | ||
|---|---|---|---|
| 003 | OSt | ||
| 005 | 20221006143913.0 | ||
| 006 | a|||||r|||| 00| 0 | ||
| 007 | ta | ||
| 008 | 221006b |||||||| |||| 00| 0 eng d | ||
| 020 |
_a0813370418 _c316.05 |
||
| 024 | _a10,356 | ||
| 037 | _cTextual | ||
| 040 |
_aEASL _cEASL _beng |
||
| 041 |
_2eng _aeng |
||
| 082 | _aW.41.N84, M5 | ||
| 100 |
_aBULLARD Monte R _9615190 |
||
| 245 | 0 |
_aChina's political-military evolution _b The party and the military in the PRC, 1960-1984 |
|
| 260 |
_aLondon _bWestview Press _c1985 |
||
| 300 |
_a209p. _ccm. |
||
| 490 |
_v CEL _aWestview special studies |
||
| 942 |
_hW.41.N84, M5 _cTEXL _2CC |
||
| 999 |
_c1078442 _d1078442 |
||